000 00800nam a2200217 a 4500
001 000034503
005 20200930073733.0
008 111005s2003 es 000 0 spa d
020 _a8481646164
040 _aDO-SdBNP
_bspa
_cBNPHU
100 1 _aWan-Seo, Park
_959948
245 1 0 _aAquella montaña tan lejana /
_cWan-Seo Park ; traducción del coreano de Hye-Jeoung Kim y Francisco Javier Martín Ortíz ; prólogo de Antonio Colinas.
260 _aMadrid :
_bTrotta,
_c2003.
300 _a331 p. ;
_c23 cm.
490 1 _aPliegos de Oriente.
_aLejano Oriente. Corea
700 1 _aKim, Hye-Jeoung
_959949
700 1 _aMartín Ortíz, Francisco Javier
_959950
700 1 _aColinas, Antonio,
_epról.
_d1946-
_918110
830 0 _aPliegos de Oriente.
_pLejano Oriente. Corea
_959931
049 _aBNPD
999 _c33994
_d33994